| 000 | 00943nam a22002295i 4500 | ||
|---|---|---|---|
| 001 | 159727 | ||
| 003 | ES-MaACL | ||
| 005 | 20250820095206.0 | ||
| 008 | 981002s1896 sp |||| | spa d | ||
| 100 | 1 |
_aMir, Miguel ( _d1841-1912) _981426 |
|
| 245 | 1 | 4 | _aLos jesuitas de puertas adentro o Un barrido hacia afuera en la Compañía de Jesús. |
| 260 |
_aBarcelona : _b[s.n.], _c1896 ( _fTipolitografía de Luis Tasso) |
||
| 300 |
_a470 p. ; _c19 cm. |
||
| 530 | _aDisponible en formato digital. | ||
| 594 | _aAutor tomado de Palau 9, p. 349: Miguel Mir Noguera. | ||
| 610 | 2 | 4 |
_aJesuitas- _xHistoria _95353 |
| 740 | 3 | 2 | _aUn barrido hacia afuera en la Compañía de Jesús. |
| 852 |
_aES-MaACL _jD-3031 |
||
| 856 |
_uhttp://bdh-rd.bne.es/viewer.vm?id=0000240162&page=1 _zBiblioteca Digital Hispánica |
||
| 856 |
_uhttp://bdh-rd.bne.es/viewer.vm?id=0000239056&page=1 _zBiblioteca Digital Hispánica |
||
| 999 |
_c159727 _d159727 |
||